000 00595nam a2200253Ia 4500
005 20260121161101.0
008 008 260114s9999 xx 000 0 eng d
020 _a9780429034961
037 _aEBOOK
040 _aCRL
040 _beng
040 _cCRL
041 _2eng
041 _aeng
084 _qCRL
100 _a Yaneer Bar-yam
_91039996
245 0 _aDynamics Of Complex Systems
260 _bTaylor and Francis
260 _c1999
856 _uhttp://www.taylorfrancis.com/books/9780429034961
942 _cEBOOK
999 _c1606812
_d1606812